All Players with Touchdowns in Super Bowl 49 - Statistics

General Stats
  • This quiz has been taken 81 times
  • The average score is 7 of 9
Answer Stats
Team Position # Answer % Correct
Patriots Quarterback 4 Tom Brady
100%
Patriots Tight End 1 Rob Gronkowski
99%
Seahawks Runningback 1 Marshawn Lynch
96%
Seahawks Quarterback 2 Russel Wilson
96%
Patriots Wide Receiver 1 Julian Edelman
93%
Seahawks Wide Receiver 1 Doug Baldwin
73%
Patriots Wide Receiver 1 Danny Amendola
60%
Seahawks Wide Receiver 1 Chris Matthews
27%
Patriots Wide Receiver 1 Brandon LaFell
23%
No matching quizzes found
Score Distribution
Percent of People with Each Score
Percentile by Number Answered
Your Score History
You have not taken this quiz